|
|
|
|
| LEADER |
00000cam a22000004a 4500 |
| 001 |
musev2_84653 |
| 003 |
MdBmJHUP |
| 005 |
20230905052714.0 |
| 006 |
m o d |
| 007 |
cr||||||||nn|n |
| 008 |
201015s2021 mdu o 00 0 eng d |
| 010 |
|
|
|z 2020040859
|
| 020 |
|
|
|a 9781421440668
|
| 020 |
|
|
|z 9781421440651
|
| 020 |
|
|
|z 9781421440644
|
| 035 |
|
|
|a (OCoLC)1260820102
|
| 040 |
|
|
|a MdBmJHUP
|c MdBmJHUP
|
| 043 |
|
|
|a e-ie---
|a e-pl---
|
| 050 |
0 |
4 |
|a PG7099
|b .B37 2021
|
| 082 |
0 |
|
|a 808.3
|2 23
|
| 100 |
1 |
|
|a Bartoszynska, Katarzyna,
|e author.
|
| 245 |
1 |
0 |
|a Estranging the Novel :
|b Poland, Ireland, and Theories of World Literature /
|c Katarzyna Bartoszyńska.
|
| 264 |
|
1 |
|a Baltimore :
|b Johns Hopkins University Press,
|c 2021.
|
| 264 |
|
3 |
|a Baltimore, Md. :
|b Project MUSE,
|c 2021
|
| 264 |
|
4 |
|c ©2021.
|
| 300 |
|
|
|a 1 online resource (200 pages).
|
| 336 |
|
|
|a text
|b txt
|2 rdacontent
|
| 337 |
|
|
|a computer
|b c
|2 rdamedia
|
| 338 |
|
|
|a online resource
|b cr
|2 rdacarrier
|
| 504 |
|
|
|a Includes bibliographical references and index.
|
| 505 |
0 |
|
|a The problem with happily ever after : Swift and Krasicki -- The terror of worlds unfolding : Potocki and Maturin -- Queer tales and seductive paintings : Żmichowska and Wilde -- Impossibly free : Gombrowicz and Beckett -- Conclusion: Toward a "weak" theory of the novel.
|
| 520 |
|
|
|a "The author's comparative approach to studying literary form makes a forceful case for a more geographically and formally expansive vision of the novel"--
|c Provided by publisher.
|
| 588 |
|
|
|a Description based on print version record.
|
| 650 |
|
0 |
|a Ireland
|x Civilization.
|
| 650 |
|
0 |
|a Comparative literature
|x Irish (English) and Polish.
|
| 650 |
|
0 |
|a Comparative literature
|x Polish and Irish (English)
|
| 650 |
|
0 |
|a English fiction
|x Irish authors
|x History and criticism.
|
| 650 |
|
0 |
|a Polish fiction
|x History and criticism.
|
| 651 |
|
0 |
|a Poland
|x Civilization.
|
| 655 |
|
7 |
|a Electronic books.
|2 local
|
| 710 |
2 |
|
|a Project Muse.
|e distributor
|
| 830 |
|
0 |
|a Book collections on Project MUSE.
|
| 856 |
4 |
0 |
|z Texto completo
|u https://projectmuse.uam.elogim.com/book/84653/
|
| 945 |
|
|
|a Project MUSE - Custom Collection
|
| 945 |
|
|
|a Project MUSE - 2021 Complete
|
| 945 |
|
|
|a Project MUSE - 2021 Literature
|